000 00573nam a2200181Ia 4500
003 GCL
008 140319s9999 xx 000 0 ara d
040 _aGCL /
_cGCL
082 0 4 _a812.043
_bش غ
100 1 _aشاكر خصباك
245 1 0 _aالغرباء: مسرحية فى اربعة فصول /
_cشاكر خصباك
260 _a[S.N] :
_bدار مصر للطباعة
300 _a105 ص
490 _aالهيئة العامة للاستعلامات
_v0
650 0 4 _aالادب العربى
650 0 4 _aالمسرحيات العربية
942 _2ddc
_cBK
999 _c49835
_d49835